Lo más especial / (Registro nro. 59292)

Detalles MARC
000 -CABECERA
Longitud fija campo de control 01473nam a2200361 i 4500
003 - • IDENTIFICADOR DELl NÚMERO DE CONTROL
Identificador del número de control CO-BoRNBP
005 - • FECHA Y HORA DE LA ÚLTIMA TRANSACCIÓN
Fecha y hora de la última transacción 20250930220401.0
007 - • CAMPO FIJO DE DESCRIPCIÓN FÍSICA
Campo fijo de descripción física ta
008 - • CÓDIGOS DE INFORMACIÓN DE LONGITUD FIJA
Códigos de información de longitud fija 250728s2024 ck a ar 000 jdspa
020 ## - • NÚMERO INTERNACIONAL NORMALIZADO PARA LIBROS
Número Internacional Normalizado para Libros (ISBN) 9789583069376
040 ## - FUENTE DE LA CATALOGACIÓN
Centro catalogador de origen CO-BoBN
Lengua de catalogación spa
Normas de descripción rda
Centro transcriptor CO-BoBN
041 0# - • CÓDIGO DE LENGUA
Código de lengua del texto/banda sonora o título independiente spa
043 ## - CÓDIGO DE ÁREA GEOGRÁFICA
Código de área geográfica s-ck---
082 04 - • NÚMERO DE LA CLASIFICACIÓN DECIMAL DEWEY
Número de clasificación (R) Co863.5
Número de edición 23
100 1# - • PUNTO DE ACCESO PRINCIPAL-NOMBRE DE PERSONA
Nombre de persona Rueda, Claudia,
Término indicativo de función autora,
-- ilustradora
245 10 - • TITULO PROPIAMENTE DICHO
Título Lo más especial /
Mención de responsabilidad, etc. Claudia Rueda
250 ## - • MENCIÓN DE EDICIÓN
Mención de edición Edición especial
264 #1 - PRODUCCIÓN, PUBLICACIÓN , DISTRIBUCIÓN, FABRICACIÓN Y COPYRIGHT
Lugar de producción, publicación, distribución, fabricación Bogotá :
Nombre del productor, editor, distribuidor, fabricante Panamericana Editorial,
Fecha de de producción, publicación, distribución, fabricación o copyright 2024
300 ## - • DESCRIPCIÓN FÍSICA
Extensión 28 páginas :
Otras características físicas ilustraciones a color ;
Dimensiones 23 cm
336 ## - TIPO DE CONTENIDO
Término de tipo de contenido Texto
Código de tipo de contenido txt
Fuente rdacontent
337 ## - TIPO DE MEDIO
Nombre del tipo de medio Sin mediación
Código del tipo de medio n
Fuente rdamedia
338 ## - TIPO DE SOPORTE
Nombre del tipo de soporte Volumen
Código del tipo de soporte nc
Fuente rdacarrier
490 0# - • MENCIÓN DE SERIE
Mención de serie Plan Nacional de Lectura, Escritura, Oralidad y Bibliotecas Leo la Vida / Ministerio de las Culturas, las Artes y los Saberes
500 ## - • NOTA GENERAL
Nota general Incluye datos curriculares de la autora
500 ## - • NOTA GENERAL
Nota general Colección de actualización bibliográfica para la Red Nacional de Bibliotecas Públicas del Ministerio de las Culturas, las Artes y los Saberes, en el marco del Plan Nacional de Lectura, Escritura, Oralidad y Bibliotecas "Leo la Vida", 2024
521 1# - • NOTA DE PÚBLICO DESTINATARIO
Nota público destinatario (R ) Para niños de 0–7 años
650 14 - • PUNTO DE ACCESO ADICIONAL DE MATERIA - TÉRMINO DE MATERIA
Término de materia o nombre geográfico como elemento inicial Cuentos infantiles colombianos
Subdivisión cronológica Siglo XXI
Fuente del encabezamiento o término LEMB
650 24 - • PUNTO DE ACCESO ADICIONAL DE MATERIA - TÉRMINO DE MATERIA
Término de materia o nombre geográfico como elemento inicial Madre e hijo
Subdivisión de forma Cuentos
Fuente del encabezamiento o término LEMB
650 24 - • PUNTO DE ACCESO ADICIONAL DE MATERIA - TÉRMINO DE MATERIA
Término de materia o nombre geográfico como elemento inicial Libros ilustrados para niños
Fuente del encabezamiento o término LEMB
942 ## - ENTRADA DE ELEMENTOS AGREGADOS (KOHA)
Fuente de clasificaión o esquema Dewey Decimal Classification
Koha [por defecto] tipo de item LIbro
990 ## - EQUIVALENCIA O SECCIÓN-REFERENCIA [LOCAL, CANADA]
Enlace de información para campos 9XX 2025-6783
Enlace de información para campo correspondiente a campo 9XX Panamericana Editorial Ltda.
Existencias
Perdido Fuente de clasificación o esquema Estado Físico No para préstamo Forma de adquisición Localización permanente Localización actual Localización en estanterías Fecha adquisición Préstamos totales Signatura completa Código de barras Fecha última consulta Número de copia Fecha del precio de reemplazo Tipo de item de Koha Fuente de adquisición Calificador de ubicación codificada
  Dewey Decimal Classification     Infantil Biblioteca Pública Lejanias Biblioteca Pública Lejanias Literatura 10/24/2025   A RUE1 LEJ01070 10/24/2025 Ej.1 10/24/2025 LIbro    
  Dewey Decimal Classification     Infantil Biblioteca Pública Puerto Lleras Biblioteca Pública Puerto Lleras Literatura 09/30/2025   A RUE1 PLL02382 09/30/2025 Ej.1 09/30/2025 Libro Infantil    
  Dewey Decimal Classification     Infantil Biblioteca Pública Granada - Boca del Monte Biblioteca Pública Granada - Boca del Monte Sala Infantil 12/17/2025   A RUE1 GRDA00578 12/17/2025 Ej.1 12/17/2025 LIbro Biblioteca Nacional de Colombia  
  Dewey Decimal Classification     Infantil Biblioteca Pública La Macarena Biblioteca Pública La Macarena Sala Infantil 11/04/2025   Co863.5 LM03290 11/04/2025 Ej.1 11/04/2025 LIbro    
  Dewey Decimal Classification     Infantil Biblioteca Pública Mapiripan - Jorge Eliecer Gaitán Biblioteca Pública Mapiripan - Jorge Eliecer Gaitán Sala Infantil 05/04/2026   A RUE 1 MPJG01244 05/04/2026 Ej.1 05/04/2026 LIbro    
  Dewey Decimal Classification     Infantil Biblioteca Pública Rural El Yarí- vereda Playa Rica La Macarena Biblioteca Pública Rural El Yarí- vereda Playa Rica La Macarena Sala Infantil 10/15/2025   Co863.5 9789583069376 11/10/2025 Ej.1 11/10/2025 LIbro biblioteca nacional 9789583069376









Instituto Departamental de Cultura del Meta - Red Departamental de Bibliotecas Públicas del Meta.